Approaching the integrative city. CDS/1 : The dynamics of urban space /

Gespeichert in:
Bibliographische Detailangaben
Weitere Verfasser: Babalis, Dimitra (Herausgegeben von)
Format: Buch
Sprache:Englisch
Veröffentlicht: Firenze, Italy : Altralinea Edizioni, 2016
Ausgabe:1. vydanie
Schlagworte:
Tags: Tag hinzufügen
Keine Tags, Fügen Sie das erste Tag hinzu!

MARC

LEADER 00000nam a22000003a 4500
001 0018698
003 SK-STU
005 20210920162236.4
007 ta
008 161118s ----xo-----e------000-0-----d
020 |a 978-88-98743-75-9 
040 |a STU  |b slo 
041 0 |a eng 
044 |a it 
245 1 0 |a Approaching the integrative city. CDS/1 :  |b The dynamics of urban space /  |c ed. Dimitra Babalis 
250 |a 1. vydanie 
260 |a Firenze, Italy :  |b Altralinea Edizioni,  |c 2016 
300 |a 81 s. 
650 4 |a verejný priestor 
650 4 |a public place 
650 4 |a sustainable architecture 
650 4 |a udržateľná architektúra 
700 1 |a Babalis, Dimitra  |r Z6  |4 edt 
996 |b 284AU06851  |c A* 9980/U  |l AAKNST  |s P  |a 0  |w 0018698_0001 
996 |b 284AU06852  |c A* 9981/U  |l AAKNAR  |s A  |a 24  |w 0018698_0002 
996 |b 284AU06853  |c A* 9982/U  |l AAKNAR  |s A  |a 24  |w 0018698_0003 
996 |b 284AU06854  |c A* 9983/U  |l AAKNAR  |s A  |a 24  |w 0018698_0004